The Domestic Analogy and World Order Proposals : (Record no. 616471)

MARC details
000 -LEADER
fixed length control field 00524nam a2200193 a 4500
008 - FIXED-LENGTH DATA ELEMENTS--GENERAL INFORMATION
fixed length control field 260302s1989##################000#0#eng##
020 ## - INTERNATIONAL STANDARD BOOK NUMBER
ISBN 9780521343411
082 04 - DEWEY DECIMAL CLASSIFICATION NUMBER
Classification number 327.101
Item number SUG
100 1# - MAIN ENTRY--AUTHOR NAME
Personal name Suganami, Hidemi,
245 10 - TITLE STATEMENT
Title The Domestic Analogy and World Order Proposals :
260 ## - PUBLICATION, DISTRIBUTION, ETC. (IMPRINT)
Name of publisher Cambridge University Press,
Year of publication 1989.
300 ## - PHYSICAL DESCRIPTION
Number of Pages 248 pages
650 #0 - SUBJECT ADDED ENTRY--TOPICAL TERM
Topical Term Law.
942 ## - ADDED ENTRY ELEMENTS (KOHA)
Koha item type English Books

No items available.

Find us on the map